Welcome to the Holygrace Academy Library

Please use search bar below to get started

SAKI (Record no. 3505)

MARC details
000 -LEADER
fixed length control field 00269nam a22001217a 4500
082 ## - DEWEY DECIMAL CLASSIFICATION NUMBER
Classification number 823
Item number MUN/S
100 ## - MAIN ENTRY--AUTHOR NAME
Personal name MUNRO, H H
245 ## - TITLE STATEMENT
Title SAKI
Remainder of title SELECTED STORIES
260 ## - PUBLICATION, DISTRIBUTION, ETC. (IMPRINT)
Place of publication DELHI
Name of publisher BLACK ROSE PUBLICATIONS
300 ## - PHYSICAL DESCRIPTION
Number of Pages 286
650 ## - SUBJECT ADDED ENTRY--TOPICAL TERM
Topical Term SHORT STORIES
Geographic subdivision INDIA
942 ## - ADDED ENTRY ELEMENTS (KOHA)
Koha item type Books
Holdings
Withdrawn status Lost status Collection code Home library Current library Shelving location Date acquired Source of acquisition Full call number Accession Number Koha item type
    Fiction Main Library Main Library SHELF 14 H ALPHEBETICAL - M-FICTION 28/01/2019 purchase 823 MUN/S 10709 Books